নেতৃত্বের ধারণা নেতৃত্বের যাতনা / (Record no. 12570)
[ view plain ]
| 000 -LEADER | |
|---|---|
| fixed length control field | 00738nam a2200229 a 4500 |
| 001 - CONTROL NUMBER | |
| JCCL Control Number | 12570 |
| 003 - CONTROL NUMBER IDENTIFIER | |
| JCCL marc code | BD-JhCC |
| 005 - DATE AND TIME OF LATEST TRANSACTION | |
| control field | 20220910105057.0 |
| 008 - FIXED-LENGTH DATA ELEMENTS--GENERAL INFORMATION | |
| fixed length control field | 211104b2021 bg a|||| ||a| 000 0 Ben d |
| 020 ## - INTERNATIONAL STANDARD BOOK NUMBER | |
| International Standard Book Number | 9789849585435 |
| 035 ## - SYSTEM CONTROL NUMBER | |
| system control number | (BD-JhCC)12570 |
| 040 ## - CATALOGING SOURCE | |
| Original cataloging agency | BD-JhCC |
| Modifying agency | BD-JhCC |
| 041 ## - LANGUAGE CODE | |
| Language code of Book | bengla |
| 082 ## - DEWEY DECIMAL CLASSIFICATION NUMBER | |
| Classification number | 658.409 |
| Author mark and Year | HAI 2021 |
| 100 ## - MAIN ENTRY--PERSONAL NAME | |
| Personal name | হায়াত, আবীর শওকত |
| 245 ## - TITLE STATEMENT | |
| Title | নেতৃত্বের ধারণা নেতৃত্বের যাতনা / |
| Statement of responsibility, etc | আবীর শওকত হায়াত। |
| 260 ## - PUBLICATION, DISTRIBUTION, ETC. (IMPRINT) | |
| Place of publication, distribution, etc | ঢাকা : |
| Name of publisher, distributor, etc | ক্যাটালিস্ট ; |
| Date of publication, distribution, etc | ২০২১. |
| 300 ## - PHYSICAL DESCRIPTION | |
| Pagination | 249p. : |
| Other physical details | ill; |
| Dimensions | 24 cm. |
| 650 ## - SUBJECT ADDED ENTRY--TOPICAL TERM | |
| Topical term or geographic name as entry element | Leadership |
| 942 ## - ADDED ENTRY ELEMENTS (KOHA) | |
| Source of classification or shelving scheme | Dewey Decimal Classification |
| Koha item type | Books |
| Source of classification or shelving scheme | Damaged status | Not for loan | Home library | Current library | Shelving location | Date of accession | Cost, normal purchase price | Total Checkouts | Full call number | Barcode | Date last seen | Date checked out | Copy number | Koha item type |
|---|---|---|---|---|---|---|---|---|---|---|---|---|---|---|
| Dewey Decimal Classification | JCC Rouf Library | JCC Rouf Library | General Stacks | 09/10/2022 | 446.00 | 1 | 658.409 HAI 2021 | 17541 | 11/20/2022 | 09/10/2022 | C-1 | Books |